مكتبة جامعة عجلون الوطنية

فهرس بحث المكتبة

Normal view MARC view
  • التأمين على السيارات -- التأمين الإجباري -- التأمين ضد الحوادث -- التأمين على الممتلكات

Entry Topical Term

Number of records used in: 1

001 - CONTROL NUMBER

  • control field: 12401

003 - CONTROL NUMBER IDENTIFIER

  • control field: JO-AjAnu

005 - DATE AND TIME OF LATEST TRANSACTION

  • control field: 20230606072304.0

008 - FIXED-LENGTH DATA ELEMENTS

  • fixed length control field: 230606|| aca||aabn | a|a d

040 ## - CATALOGING SOURCE

  • Original cataloging agency: JO-AjAnu
  • Transcribing agency: JO-AjAnu

150 ## - HEADING--TOPICAL TERM

  • Topical term or geographic name entry element: التأمين على السيارات -- التأمين الإجباري -- التأمين ضد الحوادث -- التأمين على الممتلكات

670 ## - SOURCE DATA FOUND

  • Source citation: Work cat.: (JO-AjAnu)6385: أبو الهيجاء، لؤي ماجد ذيب, author 12400, التأمين ضد حوادث السيارات " دراسة مقارنة ، الاردن ومصر "